000 00529nam a2200217Ia 4500
003 0100
008 130303s9999 xx 000 0 und d
040 _cARRUPELIB
050 _aBV3625.N82B665 1996
100 _aLangworthy, Harry W
245 _aAfrica for the African
245 _bthe life of Joseph Booth
260 _aBlantyre
260 _bChristian Literature Association
260 _C1996
300 _a520p.
300 _b 12cm.
650 _aTHEOLOGY
650 _bMalawi -- Church history'
942 0 0 _02
999 _c7350
_d7350